| 000 | 01209nam a2200289 i 4500 | ||
|---|---|---|---|
| 001 | bg | ||
| 245 | 0 | 0 |
_aPodstawy gospodarczej polityki miasta : _bstudium Poznania. _nCz. 2 / _cpod red. Ryszarda Domańskiego. |
| 260 |
_aWarszawa : _bWydaw. Naukowe PWN, _c1999. |
||
| 300 |
_a295, [1] s. : _bmapy, rys., wykr. ; _c21 cm. |
||
| 490 | 1 |
_aBiuletyn / Polska Akademia Nauk Komitet Przestrzennego Zagospodarowania Kraju, _x0079-3493 ; _vZ. 187 |
|
| 504 | _aBibliogr. przy rozdz. | ||
| 650 | 9 |
_aMiasta _xgospodarka _zPolska _yod 1989 r. |
|
| 650 | 9 |
_aPlanowanie przestrzenne _zPolska |
|
| 650 | 9 |
_aGospodarka _xpolityka _xzagadnienia _zPolska _yod 1989 r. |
|
| 650 | 9 |
_aGospodarka komunalna _zPolska _yod 1989 r. |
|
| 651 | 9 |
_aPoznań _xgospodarka _yod 1989 r. |
|
| 700 | 1 |
_aDomański, Ryszard _d(1928- ). _eRed. |
|
| 710 | 0 | _aKomitet Przestrzennego Zagospodarowania Kraju. Polska Akademia Nauk (Warszawa) | |
| 830 | 0 |
_aBiuletyn (Polska Akademia Nauk Komitet Przestrzennego Zagospodarowania Kraju) ; _vZ. 187 |
|
| 020 | _a8301129220 | ||
| 040 | _cBPK | ||
| 041 | 0 | _apl | |
| 080 | _a338.22:711.4/.8:351(1-2)](438)"1989/..." | ||
| 920 | _a83-01-12922-0 | ||
| 942 | _cKS | ||
| 008 | s pl f |000 0 pol | ||
| 999 |
_c35768 _d35768 |
||
| 856 |
_uhttp://koha.tu.koszalin.pl/cgi-bin/koha/opac-detail.pl?biblionumber=35768 _yKatalog online BPK |
||